000 00504nam a22001457a 4500
003 OSt
008 260625b |||||||| |||| 00| 0 eng d
082 _a632.9
_bS61D
245 _aDynamics of Crop Disease and their Management / editedby Dinesh Singh...[et al.]
260 _aDelhi :
_bToday & Tomorrow Printers and Publishers,
_c2025.00
300 _a637 p.
650 _aAgriculture and related technologies | Technology (Applied sciences) | Pest control
700 _aSingh, Dinesh
942 _2ddc
_cBK
999 _c52312
_d52312